000 00524nam a2200121Ia 4500
008 220620s9999||||xx |||||||||||||| ||und||
100 _aV. Lal, Brij||Luker, Vicki
245 0 _aTelling Pacific Lives: Prisms of Process
546 _aEnglish[eng]
650 _aethnology||anthropology||Fiji
856 _uhttps://library.oapen.org/bitstream/20.500.12657/33612/1/459738.pdf||https://library.oapen.org/bitstream/20.500.12657/33612/1/459738.pdf||https://library.oapen.org/bitstream/20.500.12657/33612/1/459738.pdf
942 _cEB
999 _c22916
_d22916